Statistieken voor Utrecht - Jeugdbrandweer VRU

Klik hier om de quiz te nemen!

Algemene statistieken

  • Deze quiz is 8 keer genomen
    (4 sinds de laatste reset)
  • De gemiddelde score is 17 van 24

Antwoordstatistieken

plaats% Correct
*4Bilthoven / De Bilt
100%
*6Bunnik
100%
8Driebergen
100%
*10Houten
100%
*11IJsselstein
100%
*20Utrecht
100%
21Veenendaal
100%
*23Vleuten
100%
*24Zeist
100%
2Amerongen
67%
*3Benschop
67%
*7De Waarden
67%
*12Leerdam
67%
*15Maarssen
67%
*17Mijdrecht
67%
*18Montfoort
67%
*19Oudewater
67%
22Vinkeveen
67%
1Ameide
33%
*5Breukelen
33%
9Hagestein
33%
*13Lexmond
33%
14Linschoten
33%
*16Meerkerk
33%

Scoreverdeling

Percentiel versus Aantal Correcte Antwoorden

Procent van Mensen met Elke Score

Uw Scoregeschiedenis

U heeft deze quiz nog niet genomen sinds de laatste reset